Statistics for Top 50 Largest Landmasses on Earth

Click here to take the quiz!

General Stats

  • This quiz has been taken 1,258 times
  • The average score is 26 of 50

Answer Stats

Size (km²)Size (sq mi)Answer% Correct
7,591,6082,931,136Australia
98%
2,130,800822,700Greenland
94%
587,041226,658Madagascar
93%
209,33180,823Great Britain
89%
111,58343,082North Island
89%
145,83656,308South Island
86%
74,816,00030,815,094Afro-Eurasia
85%
105,80640,852Cuba
85%
101,82639,315Iceland
85%
12,272,8004,738,600Antarctica
84%
84,42132,595Ireland
84%
65,26825,200Sri Lanka
83%
42,549,00014,555,906Americas
80%
227,93888,007Honshū
80%
138,79453,589Java
80%
748,168288,869Borneo
79%
77,98230,109Hokkaidō
78%
73,92928,544Hispaniola
77%
34,50713,323Taiwan
75%
785,753303,381New Guinea
74%
443,065171,068Sumatra
74%
507,451195,928Baffin Island
69%
25,7119,927Sicily
68%
109,96542,458Luzon
65%
180,68169,761Sulawesi
55%
36,78214,202Kyūshū
53%
65,02225,105Tasmania
52%
196,23675,767Ellesmere Island
49%
217,29183,897Victoria Island
48%
97,53037,660Mindanao
47%
108,86042,030Newfoundland
46%
72,49327,990Sakhalin
37%
31,28512,079Vancouver Island
35%
33,21012,820Hainan
34%
28,41810,972Timor
31%
70,02827,038Banks Island
26%
47,99218,530Tierra del Fuego
22%
38,98115,051Spitsbergen
20%
55,24721,331Devon Island
16%
35,14513,570New Britain
16%
33,33912,872Prince of Wales Island
13%
47,07918,177Severny Island
13%
41,21415,913Southampton Island
11%
43,17816,671Axel Heiberg Island
9%
24,7869,570Somerset Island
9%
33,24612,836Yuzhny Island
9%
42,14916,274Melville Island
8%
40,10015,500Marajó
7%
49,07018,950Alexander Island
6%
43,87316,939Berkner Island
4%

Score Distribution

Percentile by Number Answered

Percent of People with Each Score

Your Score History

You have not taken this quiz